000 00288nam a2200133Ia 4500
003 OSt
008 191201s2011 xx 000 0 und d
100 _aBHANSALI, Jyoti
245 0 _aMacbeth
260 _bKalyani Media
_c2011
300 _a76
650 _aGeneral Books
942 _2ddc
_cBK
999 _c6765
_d6765